[Event "Linares 07th"]
[Site "Linares"]
[Date "1989.??.??"]
[Round "?"]
[White "Short, Nigel D"]
[Black "Ivanchuk, Vassily"]
[Result "0-1"]
[WhiteElo "2650"]
[BlackElo "2635"]
[Annotator "ChessBase"]
[PlyCount "88"]
[EventDate "1989.01.??"]
[EventType "tourn"]
[EventRounds "11"]
[EventCountry "ESP"]
[EventCategory "16"]
[SourceTitle "CBM 011"]
[Source "ChessBase"]
[SourceDate "1989.08.01"]
[SourceVersion "1"]
[SourceVersionDate "1989.08.01"]
[SourceQuality "1"]

1. e4 e5 2. Nf3 Nc6 3. Bb5 Nd4 4. Nxd4 exd4 5. Bc4 {!? ECO C61/2,Anm.6 (2.
Auflage,S.284)} Nf6 6. Qe2 {ECO /\ e5} Bc5 $1 7. e5 O-O $1 8. O-O d5 $1 9. exf6
(9. Bb3 d3 $1 10. Qxd3 Ng4 $1 $17) 9... dxc4 10. Qh5 (10. Qxc4 Bd6 11. fxg7 Re8
12. d3 Qh4 13. g3 Qh5 $146 {oder 13...Qh3}) 10... b6 11. fxg7 Re8 12. d3 cxd3
13. cxd3 Ba6 14. Qf3 Qe7 15. Bf4 Qe2 $1 16. Nd2 Qxf3 17. Nxf3 Bxd3 18. Rfe1 Be2
19. Bxc7 d3 $1 {/\ Bb4} 20. a3 a5 21. Bf4 Re4 22. Bd2 Rae8 23. Bc3 a4 $1 24.
Ng5 Rc4 25. Rad1 Rc8 26. Ra1 Rd8 27. Nf3 Rxc3 $1 28. bxc3 d2 29. Rxe2 d1=Q+ 30.
Rxd1 Rxd1+ 31. Ne1 (31. Re1 Rxe1+ {oder 31...Td3} 32. Nxe1 Bxa3 $19) 31... Rc1
32. Re4 f5 33. Re8+ Kxg7 34. Kf1 Rxc3 35. Ke2 Rxa3 36. Nd3 Ra2+ 37. Kf3 Ra3 38.
Rd8 Rc3 39. Kf4 a3 40. Rd7+ Kf8 41. Ne5 a2 42. Kxf5 a1=Q 43. Rd8+ Kg7 44. Rd7+
Kg8 0-1

[Event "Interzonal-14a"]
[Site "Subotica"]
[Date "1987.??.??"]
[Round "5"]
[White "Marjanovic, Slavoljub"]
[Black "Ernst, Thomas"]
[Result "1-0"]
[WhiteElo "2505"]
[BlackElo "2465"]
[Annotator "ChessBase"]
[PlyCount "69"]
[EventDate "1987.06.??"]
[EventType "tourn"]
[EventRounds "17"]
[EventCountry "YUG"]
[EventCategory "11"]
[SourceTitle "CBM 003"]
[Source "ChessBase"]
[SourceDate "1988.04.01"]
[SourceVersion "1"]
[SourceVersionDate "1988.04.01"]
[SourceQuality "1"]

1. e4 e5 2. Nf3 Nc6 3. Bb5 Nd4 4. Nxd4 exd4 5. Bc4 Nf6 6. Qe2 d6 7. c3 dxc3 8.
Nxc3 c5 9. O-O Be7 10. h3 O-O 11. Rd1 Qb6 12. a4 Be6 13. a5 (13. Bxe6 $5 fxe6
14. Qc4) 13... Qc6 (13... Qb4 14. d3) 14. d4 Bxc4 (14... cxd4 15. Rxd4 Bxc4 16.
Rxc4 $14 {Marjanovic,S}) 15. Qxc4 cxd4 16. Qxd4 Rfe8 17. Bf4 Bf8 18. Ra4 $1 $16
Re6 19. Rc4 Qa6 20. b4 b6 21. b5 Qb7 22. a6 Qd7 23. Rc6 Rc8 24. e5 Nh5 25. exd6
Nxf4 26. Qxf4 Ree8 27. Qg4 Qxg4 28. hxg4 Rcd8 29. d7 Re5 30. Rc8 Be7 31. f4 Re6
32. f5 Re5 33. Rd5 Rxd5 34. Nxd5 Kf8 35. Nxb6 1-0

[Event "URS-ch FL54"]
[Site "Kuibyshev"]
[Date "1986.??.??"]
[Round "?"]
[White "Ehlvest, Jaan"]
[Black "Kupreichik, Viktor D"]
[Result "1-0"]
[WhiteElo "2445"]
[BlackElo "2490"]
[Annotator "Dolmatov,S"]
[PlyCount "63"]
[EventDate "1986.10.??"]
[EventType "tourn"]
[EventRounds "17"]
[EventCountry "URS"]
[EventCategory "9"]
[SourceTitle "MCL"]
[Source "ChessBase"]
[SourceDate "1999.07.01"]
[SourceVersion "1"]
[SourceVersionDate "1999.07.01"]
[SourceQuality "1"]

1. e4 e5 2. Nf3 Nc6 3. Bb5 Nd4 4. Nxd4 exd4 5. O-O Bc5 6. Bc4 d6 7. c3 Qf6 $6 (
7... c6 $5 8. d3 Ne7 9. Nd2 O-O 10. Bb3 d5 $10) (7... Ne7 8. cxd4 Bxd4 9. Qa4+
Nc6 10. Bd5 Bb6 11. Bxc6+ bxc6 12. d4 $14) (7... Nf6 8. cxd4 Bxd4 9. Qa4+ Kf8
10. Nc3 $14 {Romanishin,O-Balashov,Y/Erevan/1986/ Inf 42/394/}) 8. Na3 $1 {
/\ Nc2} Bxa3 9. Qa4+ Bd7 10. Qxa3 Ne7 11. Qb3 (11. Be2 O-O 12. d3 Rfe8 13. cxd4
Qxd4 14. Be3 $16 {Khalifman,A-Kupreichik,V/Minsk/1986/}) 11... O-O (11... Bc6
12. cxd4 Bxe4 13. Re1 $16) 12. Qxb7 (12. cxd4 $5 Qxd4 13. d3 $14) 12... Bc6 13.
Qxc7 Rfc8 14. Qa5 Bxe4 15. d3 Rc5 16. Qa6 Bc6 (16... Bxg2 17. Kxg2 Nf5 18. Qb7
Re8 19. Kh1 Nh4 20. Be3 $1 $16) 17. cxd4 Rh5 18. d5 $16 Bd7 $6 (18... Bxd5 19.
Bxd5 Nxd5 20. Qc6 Rb8 21. Re1 $16) 19. Re1 (19. Qb7 Rd8 20. Bd2 Ng6) 19... Ng6
(19... Qh4 20. Qxd6 $18) (19... Nf5 20. Qb7 Rd8 21. Qxd7 $18) 20. d4 h6 21. Be2
Rh4 22. Bd2 {/\ Bb4} (22. Be3 Nf4 23. Bf1) 22... Rb8 23. b3 Qxd4 $6 24. Qxd6
Rb6 25. Qxd7 Qxd2 26. Rad1 Qxa2 27. d6 $18 Kh7 28. Qe8 Nf4 29. Bf3 Qxb3 30.
Be4+ Ng6 31. Bxg6+ fxg6 32. d7 1-0

[Event "ESP-chT CECLUB Honor"]
[Site "Leon"]
[Date "2012.11.06"]
[Round "2.2"]
[White "Edouard, Romain"]
[Black "Ibarra Jerez, Jose Carlos"]
[Result "1/2-1/2"]
[WhiteElo "2688"]
[BlackElo "2528"]
[Annotator "Edouard,R"]
[PlyCount "60"]
[EventDate "2012.11.05"]
[EventType "team-tourn"]
[EventRounds "7"]
[EventCountry "ESP"]
[SourceTitle "CBM 152"]
[Source "ChessBase"]
[SourceDate "2013.01.15"]
[SourceVersion "1"]
[SourceVersionDate "2013.01.15"]
[SourceQuality "1"]
[WhiteTeam "Sestao"]
[BlackTeam "Reverte Albox"]
[WhiteTeamCountry "ESP"]
[BlackTeamCountry "ESP"]

1. e4 e5 2. Nf3 Nc6 3. Bb5 Nd4 4. Nxd4 exd4 5. O-O c6 6. Bc4 Nf6 7. Re1 d6 8.
c3 Ng4 {To be honest, I had never analysed this 3...Nd4 line at all, and had
to face this apparently well-known ...Ng4 idea over the board. I could find
all the normal moves but it took a lot of time for it, and I ended up in time
trouble.} 9. h3 Ne5 10. d3 ({The tempting} 10. Bf1 {is wrong because of} d3 $1
11. f4 (11. Re3 g5 $1 {followed by ...g4 is great for Black}) 11... Qb6+ 12.
Kh1 (12. Kh2 $146 h5 13. fxe5 Bg4 14. Qb3 Qf2 {is unclear.}) 12... h5 $1 13.
Re3 (13. fxe5 $2 Bg4 14. Qb3 Qf2 $40) 13... Nc4 {and Black is very fine. But,
well, apparently, all this is well known and should not have taken me that
much time over the board!}) 10... Qb6 (10... Nxc4 11. dxc4 dxc3 12. Nxc3 $14) (
10... dxc3 11. Nxc3 Qh4 {used to be played but after} 12. Bb3 Be7 13. d4 Ng6
14. e5 $1 {with the idea of} d5 15. Nxd5 $1 {White is much better.}) 11. Bb3 $6
{Definitely not the best, and my opponent got an interesting but dubious
reaction.} (11. cxd4 Qxd4 12. Qe2 $14) (11. Re2 $5 $14 {(an original move
protecting the b2-pawn and threatening cxd4 and Be3)}) 11... Be7 12. Qe2 g5 $2
{A very dubious move, but quite interesting when your opponent lacks time!} (
12... Be6 $5 {makes more sense.}) 13. cxd4 $2 {Played too fast.} (13. Rd1 $1
Ng6 (13... g4 14. cxd4 Qxd4 15. Be3 {see 13.cxd4 and 14...g4}) 14. Na3 $1 {
is great for White.}) 13... Qxd4 14. Rd1 Ng6 $1 (14... g4 15. Be3 Qb4 16. d4
gxh3 17. dxe5 Rg8 18. Qc4 $1) 15. Be3 $6 (15. Qh5 $1 {was necessary to have
time for} Qg7 16. d4 $1 {and White should be a bit better.}) 15... Qg7 {
Suddenly Black is threatening to have a rather powerful attack.} 16. Qh5 $5 {
I didn't like giving up the b2-pawn, but I think if Black managed to play ...
h5, White is just worse!} Nf4 $2 ({There was no reason not to play} 16... Qxb2
{and after} 17. Nd2 Qf6 18. d4 Nf4 19. Qf3 {Black can even play something like}
O-O {and have at least no problem.}) 17. Bxf4 gxf4 18. Nc3 Rg8 19. Qf3 {
Now I want to go d4 and Ne2 and White will be clearly better.} Qh6 (19... Bf6
20. Ne2 Bxb2 21. Rab1 $40) 20. Kf1 Rg7 $6 (20... Bd7 {first makes more sense,
and even thought White is better, the difference between both moves is quite
important.}) 21. d4 Bd7 22. Ne2 Bg5 23. Ba4 $1 {Forcing Black to weaken his
queenside. Now White is much better.} b5 (23... O-O-O 24. d5 $16) 24. Bc2 Kf8 (
24... a5 {to avoid b4 looked necessary to me.}) 25. b4 $1 f6 26. Bb3 (26. a4 $5
) 26... Re7 27. a4 (27. d5 {letting Black play} c5 {seemed unnecessary to me.})
27... bxa4 28. Rxa4 $6 ({After} 28. Bxa4 Be8 {I saw some ghosts but after} 29.
Qc3 {White is just totally winning strategically, while Black cannot launch
any attack.}) 28... Be8 29. Qd3 (29. Ra2 $5 {with the idea of} Bh5 30. Qc3 f3
31. gxf3 Be8 32. f4 $1 Bxf4 33. Rd3 $1 {is much better for White.}) 29... Qg6
30. Nc3 Rb8 {And now, with 20 minutes on the clock, my opponent offered me a
draw. I had already played couple of moves with 30 seconds each and felt like
I had already made some mistakes. With 4 seconds on clock, I failed to see any
concrete move, and took a draw out of panic, while our match was already won.
But, of course, after the logical 31.Rda1 which I was intending to play before
seeing some ghosts, White is much better. Somehow it looks amazingly obvious
while looking at the position with "fresh eyes"! All I can say is that my
opponent was stronger than me psychologically since he definitely felt like
this was the right moment to slip in a draw offer!} (30... Rb8 31. Rda1 a5 (
31... d5 32. Rxa7 dxe4 33. Qc4 $18) 32. Rxa5 Rxb4 33. Bc2 $16) 1/2-1/2

[Event "FRA-ch"]
[Site "Chartres"]
[Date "2005.08.20"]
[Round "6"]
[White "Fressinet, Laurent"]
[Black "Fontaine, Robert"]
[Result "0-1"]
[WhiteElo "2627"]
[BlackElo "2526"]
[Annotator "Erenburg,S"]
[PlyCount "66"]
[EventDate "2005.08.15"]
[EventType "tourn"]
[EventRounds "11"]
[EventCountry "FRA"]
[EventCategory "13"]
[SourceTitle "CBM 109"]
[Source "ChessBase"]
[SourceDate "2005.11.14"]
[SourceVersion "1"]
[SourceVersionDate "2005.11.14"]
[SourceQuality "1"]

{[%mdl 4096]} 1. e4 e5 2. Nf3 Nc6 3. Bb5 Nd4 {Black avoids the fashionable
variations of Ruy Lopez defence with this move.} 4. Nxd4 exd4 5. O-O Bc5 6. d3
c6 7. Ba4 d6 8. f4 {Probably, the most principled continuation. White is
occupying some space on the kingside, that will help him to manage iniative
there. Another possibility is} (8. Nd2 Ne7 9. c3 Bb6 10. Qh5 dxc3 11. bxc3 O-O
12. d4 Be6 13. Nf3 f6 14. Bb3 Qd7 15. Re1 Rae8 16. Ba3 Ng6 17. Nh4 Nxh4 18.
Qxh4 Bxb3 19. axb3 Re6 20. Re3 Rfe8 21. Rae1 d5 $1 $11 {0-1 Bacrot,
E-Morozevich,A/Biel 2004/CBM 102/[Ftacnik] (45)}) 8... f5 {limitting white on
the kingside.} ({Black didn't equalize after} 8... Nf6 9. f5 h6 10. Bf4 Bd7 11.
Nd2 Qe7 12. Qf3 O-O-O 13. Rae1 Rde8 14. Bg3 Bb4 15. Rf2 g5 16. a3 Bxd2 17. Rxd2
$14 {1-0 McShane,L-Mamedyarov,S/Lausanne 2003/CBM 98/[McShane] (46)}) 9. Bb3 {
preventing from black to castle short.} Ne7 10. Nd2 {transfering the knight to
f3.} (10. Re1 {looks less logical. It is not clear yet where to put the
kingside rook, but development of light pieces cannot be unuseful.} fxe4 11.
dxe4 Ng6 12. g3 h5 13. Qd3 Bg4 14. Nd2 Ne7 15. Nf3 Bxf3 16. Qxf3 Qa5 17. Rd1
O-O-O 18. Be6+ Kb8 19. Kh1 d5 20. e5 Rdf8 21. a3 Qc7 22. Qd3 h4 $132 {0-1
Khruschiov,A-Fontaine,R/Calvia ESP 2004/The Week in Chess 521 (31)}) 10... Kd7
{Black cannot castle short, therefore, he transfers his monarch to the
queenside. Black tried also} (10... d5 11. e5 (11. exd5 $142) 11... Be6 12. Nf3
Qd7 $11 {1-0 Tatari,E-Hoiberg,N/Aarhus 1993/EXT 99 (38)}) (10... a5 11. a4 d5
12. exd5 cxd5 13. Qh5+ g6 14. Qh6 Be6 15. Nf3 Qd6 16. Re1 Rf8 17. Bd2 Bg8 18.
Re2 $16 {1-0 Mastrovasilis,D-Jirka,J/Wch U20 Nakhchivan 2003 (33)}) 11. Kh1
$146 {Good prophylactic move. White moves away the king from the a7-g1
diagonal. In the preceding game white continued} (11. Nf3 Kc7 12. Kh1 h6 13. c3
dxc3 14. bxc3 g5 15. e5 Ng6 16. d4 Bb6 17. a4 Kb8 18. exd6 Qxd6 19. Ne5 $16 {
1/2-1/2 Skrebnevskis,R-Martinkus,R/Vilnius 1995/CBM 049 ext (27)}) 11... Kc7
12. c3 {Now white is opening up the game.} Ng6 13. cxd4 ({Less convincing is} 
13. Nf3 dxc3 14. bxc3 fxe4 15. dxe4 Bg4 $13) 13... Bxd4 14. Nf3 Bb6 15. Bd2 {
completing the development.} fxe4 {preparing to develop the light-squared
bishop to g4.} 16. dxe4 Bg4 17. Qc2 Bxf3 {It is important to eliminate white's
knight, as white can transfer it to g5.} ({After} 17... Qe7 18. Ng5 $36 {
[%cal Yf4f5] white's initiative is dangerous for black.}) 18. Rxf3 Qe7 19. Rd1
$1 {threatning with Bb4 with following e4-e5 strike.} Rad8 {strengthening the
d6 pawn.} ({In case of} 19... Bc5 {white is weakening black's monarch
residence by} 20. Ba5+ $1 $16) 20. Rg3 $1 {Now white is threatening to win an
exchange by f4-f5 with following Bg5.} Rde8 ({Black doesn't maintain material
balance after} 20... Rd7 21. f5 Ne5 22. Be6 $18 {[%cal Yd2g5]}) 21. Bb4 $1 Bc5
(21... c5 {doesn't prevent from white an obvious advantage:} 22. f5 $1 Ne5 (
22... Qxe4 23. Bc3 c4 24. Qxe4 Rxe4 25. Ba4 $18) 23. Bd2 $16 {[%cal Yd2g5]})
22. Bc3 {Of course, white doesn't change the bishops.} (22. Bxc5 $2 dxc5 23. f5
Ne5 24. Rc3 b6 $13) 22... Qxe4 {Practically, it is the best chance to change
the character of the struggle. Objectively, this continuation is not the best..
.} (22... Kb8 23. f5 Ne5 24. Be6 {[%cal Yc3e5]} Rd8 25. b4 Bb6 26. b5 $16 {
[%cal Yc2b2]}) 23. f5 Qh4 ({The endgame after} 23... Qxc2 24. Bxc2 Ne5 25.
Rxg7+ {is losing for black:} Nd7 (25... Kb8 26. b4 $18) 26. f6 $18) 24. Bxg7 {
winning an exchange.} (24. Rh3 Qg4 25. fxg6 $2 Re2 26. Rg3 Qxg3 27. Qxe2 hxg6
28. h3 Rxh3+ 29. gxh3 Qxh3+ 30. Qh2 Qf3+ $11) (24. fxg6 $4 Qxg3 $19) 24... Ne5
25. Qe2 $1 {covering the g4 square, thus, neutralizing black's counterplay.} (
25. Bxh8 $4 Ng4 26. Rxg4 (26. h3 Qxg3 $19) 26... Re1+ $19) (25. Rh3 $6 Qf4 26.
Bxh8 Rxh8 27. Qd2 Qxf5 28. Bc2 $14) 25... h5 26. Bxh8 Rxh8 (26... Ng4 {is
refuted by} 27. Rxg4 $18) 27. Rg7+ Kb6 28. Rf1 {covering the f2 square, and
supporting the advanced "f" pawn.} Ng4 (28... Qf6 29. Rg8 $16) 29. g3 Qf6 (
29... Qh3 30. Rf4 $18 {[%cal Rb3e6,Ye2g2]}) 30. Qe7 $4 {[%mdl 8192] not only
throwing away the advantage, but losing on the spot...} ({White should have
played} 30. Rg6 $1 Qd4 31. h3 d5 (31... Nf2+ 32. Kg2 Nd3 33. Rd1 $18) (31...
Ne3 32. Rf4 Qe5 33. Re6 $18) (31... Ne5 32. Rd1 Qb4 33. Re6 $18) 32. Re6 $18
Ne3 33. Rf4 Nxf5 34. Qg2 Qd3 35. Bc2 Nxg3+ 36. Kh2 Qb5 37. Qxg3 $18 (37. b4 $18
)) {[%tqu "En","Please find the best move for black.","","","f6b2","",10]}
30... Qxb2 $19 {and now white isn't able to parry mated threats without big
material loses...} 31. Qc7+ (31. Rxg4 hxg4 32. h4 gxh3 33. Qe4 Qf6 $19) 31...
Kb5 32. a4+ (32. Qxb7+ Ka5 33. Rxg4 (33. Qc7+ Bb6 $19) 33... hxg4 34. h4 Rxh4+
35. gxh4 g3 $19) 32... Kb4 33. Qxb7+ Bb6 {with inevitable mate.} 0-1

[Event "Hoogovens-B"]
[Site "Wijk aan Zee"]
[Date "1977.01.23"]
[Round "8"]
[White "Van der Sterren, Paul"]
[Black "Kupreichik, Viktor D"]
[Result "1-0"]
[WhiteElo "2375"]
[BlackElo "2490"]
[Annotator "Ftacnik,L"]
[PlyCount "105"]
[EventDate "1977.01.14"]
[EventType "tourn"]
[EventRounds "11"]
[EventCountry "NED"]
[EventCategory "7"]
[SourceTitle "MCL"]
[Source "ChessBase"]
[SourceDate "1999.07.01"]
[SourceVersion "1"]
[SourceVersionDate "1999.07.01"]
[SourceQuality "1"]

1. e4 e5 2. Nf3 Nc6 3. Bb5 Nd4 4. Nxd4 exd4 5. O-O Bc5 6. d3 c6 7. Ba4 Ne7 8.
Nd2 d5 9. exd5 Nxd5 10. Re1+ Be6 11. Ne4 Be7 12. Bb3 O-O 13. Bd2 Qd7 14. h3 f5
$6 15. Ng5 Bxg5 16. Bxg5 f4 17. Re4 $1 h6 18. Bxf4 $1 Nxf4 (18... Rxf4 19. Bxd5
) 19. Qg4 $1 Rae8 20. Rxf4 (20. Rae1 $5 h5 $1 $19) 20... Rxf4 21. Qxf4 Bxb3 22.
axb3 a6 23. Qd2 Qe7 24. Kf1 Qc5 25. b4 (25. Re1 Rxe1+ 26. Kxe1 Qe5+ 27. Kf1 Qh2
) 25... Qd6 26. Re1 Rxe1+ 27. Qxe1 Kf8 28. g3 Kf7 29. h4 Kf8 30. Kg1 Kf7 31.
Kg2 Kf8 32. g4 Kf7 33. h5 Kf8 34. Qd2 Qd5+ $2 35. Kg3 Kg8 36. Qf4 b5 37. Qc7 $1
Kh7 38. Qe7 Qa2 39. Qe4+ Kh8 40. Qxd4 Qb1 41. c4 Qg1+ 42. Kf4 Qe1 43. c5 Kg8
44. f3 Kf7 45. Qd7+ Kg8 46. Kf5 Qd2 47. Qxc6 Qxd3+ 48. Qe4 Qd2 49. c6 Qxb2 50.
Ke6 Qc3 51. Kd6 Kf8 52. c7 Qf6+ 53. Kd7 1-0

[Event "Biel GM"]
[Site "Biel"]
[Date "2004.07.26"]
[Round "7"]
[White "Bacrot, Etienne"]
[Black "Morozevich, Alexander"]
[Result "0-1"]
[WhiteElo "2712"]
[BlackElo "2743"]
[Annotator "Ftacnik,L"]
[PlyCount "90"]
[EventDate "2004.07.19"]
[EventType "tourn"]
[EventRounds "10"]
[EventCountry "SUI"]
[EventCategory "18"]
[SourceTitle "CBM 102"]
[Source "ChessBase"]
[SourceDate "2004.09.23"]
[SourceVersion "1"]
[SourceVersionDate "2004.09.23"]
[SourceQuality "1"]

1. e4 e5 2. Nf3 Nc6 3. Bb5 Nd4 4. Nxd4 exd4 5. O-O Bc5 6. d3 c6 7. Ba4 d6 8.
Nd2 Ne7 9. c3 (9. f4 f5 10. Bb3 a5 11. a4 Kd7 12. exf5 Nxf5 13. Ne4 Bb6 14. Ng3
Kc7 15. Nxf5 Bxf5 16. g4 Bd7 17. f5 Qh4 18. Bf4 h5 19. Bg3 Qg5 20. Qf3 Rae8 21.
Qf4 Qxf4 22. Rxf4 hxg4 23. Raf1 Rhf8 24. Rxg4 Rxf5 25. Rxf5 Bxf5 26. Rxg7+ {
1-0 Syrigos,N-Tsihlis,G/Poros 1998/ (49)}) (9. Qh5 Be6 10. Nf3 Qd7 11. Ng5
O-O-O 12. Nxe6 fxe6 13. c3 Ng6 14. cxd4 Bxd4 15. Be3 Bb6 16. Rac1 Rdf8 17. d4
Nf4 18. Qd1 Qf7 19. g3 Ng6 20. b4 {1-0 Hagarova,Z-Jirka,J/Trinec 1998/ (29)}) (
9. a3 a5 10. b4 Ba7 11. Bb3 O-O 12. Bb2 Be6 13. f4 c5 14. bxc5 Bxb3 15. cxb3
dxc5 16. a4 f5 17. Nc4 Bb8 18. Bc1 Bc7 19. Bd2 Qd7 20. Qf3 fxe4 21. dxe4 b5 22.
axb5 Qxb5 23. Qh3 Ra6 24. Ra4 Rb8 25. Rb1 {1-0 Leko,P-Morozevich,A/Monaco 2004/
(53)}) 9... Bb6 10. Qh5 dxc3 (10... O-O 11. Bb3 d5 12. Nf3 dxc3 13. bxc3 Qd6
14. a4 $14) 11. bxc3 O-O 12. d4 {Bacrot has no reason to complain about the
result of the opening phase. Black must play carefully in order to get a
chance to equalize.} (12. Bb3 Be6 13. Nf3 h6 14. Re1 $14) 12... Be6 (12... Ba5
13. Qf3 Be6 14. Bb3 $14) 13. Nf3 f6 14. Bb3 Qd7 (14... d5 15. Re1 Qd7 16. Ba3
Rae8 17. Rab1 $14) 15. Re1 Rae8 16. Ba3 Ng6 17. Nh4 (17. Rad1 Rd8 18. Bxe6+
Qxe6 19. d5 $14) 17... Nxh4 18. Qxh4 Bxb3 (18... Bc7 19. Re3 Qf7 20. Qg3 Bxb3
21. axb3 f5 22. exf5 Qxf5 $132) 19. axb3 Re6 20. Re3 (20. Qg3 Rfe8 21. f3 d5
$11) 20... Rfe8 21. Rae1 d5 $1 {Morozevich has managed to everything right and
his pieces occupy ideal squares. The position is truly equal.} 22. h3 (22. f3
f5 23. e5 Bd8 $11) 22... Bc7 (22... dxe4 23. Rxe4 Ba5 24. Qg4 Bxc3 25. R1e3 h5
26. Qf5 Bd2 27. Rxe6 Bxe3 28. Rxe8+ Qxe8 29. fxe3 Qxe3+ 30. Kh2 Qxb3 31. Bd6
$14) 23. Qg4 (23. f3 f5 $11) 23... h5 $5 24. Qf3 (24. Qxh5 Rxe4 25. Rxe4 Rxe4
26. Rxe4 dxe4 $11) 24... dxe4 25. Rxe4 Rxe4 26. Rxe4 Rxe4 27. Qxe4 Kf7 28. Qe2
(28. Qh7 Qd5 29. Qc2 Kg8 $11) 28... g6 29. c4 {Bacrot has a heart of a fighter
and thus he tries to create problems for his opponent- even at a cost of
certain risk.} Bb6 (29... Qxd4 $2 30. Qe7+ Kg8 31. Qf8+ Kh7 32. Qf7+ Kh8 33.
Qxc7 Qa1+ 34. Kh2 Qxa3 35. Qc8+ Kg7 36. Qxb7+ Kh6 37. Qxc6 Qxb3 38. Qxf6 Qxc4
39. Qf8+ Kh7 40. Qe7+ Kh6 41. Qxa7 $16) 30. d5 cxd5 31. cxd5 Qe8 (31... Qxd5
32. Qe7+ Kg8 33. Qxf6 Qf7 $11) 32. Qd1 (32. Qxe8+ Kxe8 33. g4 hxg4 34. hxg4 a5
$11) (32. Kf1 Qxe2+ 33. Kxe2 a5 34. g4 hxg4 35. hxg4 Ba7 36. f4 b5 $11) 32...
Qe5 33. d6 $2 {[%mdl 4096] The pawn on d6 will become weak and many endgames
are suddenly lost for white.} (33. Qd2 Qd4 34. Qxd4 Bxd4 35. Kf1 a5 $11) 33...
Ke8 $1 34. Bb4 (34. d7+ $2 Kd8 35. Bb4 Qf5 $17) 34... a5 35. Ba3 Kd7 36. Qf3 (
36. Qf1 h4 $15) (36. Kf1 Bc5 $15) 36... Qa1+ 37. Kh2 Qxa3 38. Qxb7+ Ke6 39.
Qe7+ {White can not grab the sacrificed piece back, since the pawn endgame is
hopeless.} (39. Qxb6 $2 Qxd6+ 40. Qxd6+ Kxd6 41. f4 Kc5 $19) 39... Kd5 40. Qb7+
Ke6 41. Qe7+ Kf5 42. g4+ (42. Qd7+ Kg5 43. Qb5+ Qc5 $19) 42... hxg4 43. hxg4+
Kg5 44. f4+ (44. Qe6 Qb2 45. Kh3 Qxf2 $19) 44... Kxg4 45. Qe6+ Kf3 (45... Kf3
46. Qd5+ (46. Qh3+ Kxf4 47. Qf1+ Ke4 48. Qc4+ Bd4 49. Qe2+ Kf4 50. Qd2+ Ke5 51.
d7 Qd6 $19) 46... Kxf4 47. Qc4+ Ke5 48. d7 Qd6 $19) 0-1